000 00300nam a22001337a 4500
008 170607b xxu||||| |||| 00| 0 eng d
020 _a9780321209467
041 _aeng
080 _22ND
_a94
100 _a18
101 _aSHH
245 _aCONFLICT AFTER THE COLD WAR
_cBETTS,R.K
942 _2udc
_cBK
999 _c16337
_d16337